| 000 | 00374nam a22001457a 4500 | ||
|---|---|---|---|
| 082 |
_a624.171 _bRAM/TH |
||
| 100 |
_aRamamrutham S _91248 |
||
| 100 |
_aNarayan R. _9507 |
||
| 245 | _aTheory of Structures | ||
| 250 | _a9 | ||
| 260 |
_aNew Delhi _bDhanpat Rai Publishing Company (P) Ltd _c2013 |
||
| 300 | _a1272 | ||
| 500 | _a New, Revised and Enlarged Edition | ||
| 942 | _cBBS | ||
| 999 |
_c14712 _d14712 |
||